| 000 | 00446nam a2200169Ia 4500 | ||
|---|---|---|---|
| 003 | GCL | ||
| 005 | 20240530095811.0 | ||
| 008 | 140319s9999 xx 000 0 eng d | ||
| 040 |
_aGCL / _cGCL |
||
| 082 | 0 | 4 |
_a779 _bG H |
| 100 | 1 | _aGINK, KAROLY | |
| 245 | 1 | 0 |
_aHUNGARY : TOWNS AND THE COUNTRYSIDE / _cGINK, KAROLY |
| 260 |
_a[S.N] : _bKOSSUTH PRINTAG HOUSE ، _c1981 |
||
| 650 | 0 | 4 | _aHUNGARY PHOTGRIPHS |
| 650 | 0 | 4 | _aBUDOPEST |
| 942 |
_2ddc _cBK |
||
| 999 |
_c10793 _d10793 |
||